Grille MotoGP 2026 - Statistiques

Statistiques générales
  • Ce quiz a été pris 88 fois
  • Le résultat moyen est 19 sur 22
Statistiques - réponses
Equipe Pilotes % Correct
Alex Marquez
97%
Marc Marquez
97%
Jorge Martin
96%
Yamaha Factory Fabio Quartararo
94%
Johann Zarco
92%
Ducati Lenovo Francesco Bagnaia
90%
KTM Factory Pedro Acosta
90%
Brad Binder
89%
Aprilia Factory Marco Bezzecchi
89%
Yamaha Pramac Jack Miller
88%
Ducati VR46 Fabio Di Giannantonio
86%
Joan Mir
86%
Trackhouse Aprilia Raul Fernandez
86%
Alex Rins
85%
Ducati Gresini Fermin Aldeguer
85%
Honda HRC Luca Marini
85%
Franco Morbidelli
82%
Maverick Viñales
82%
KTM Tech3 Enea Bastianini
79%
Ai Ogura
76%
LCR Honda Diogo Moreira
65%
Toprak Razgatlioglu
54%
Aucun quiz correspondant
Distribution des résultats
% des personnes avec chaque résultat
Percentile par nombre de réponses
Votre historique - résultats
Vous n’avez pas pris ce quiz